000 00421nam a2200169Ia 4500
003 GCL
008 140319s9999 xx 000 0 ara d
040 _aGCL /
_cGCL
082 0 4 _aط
_b507
_bع ا
100 1 _aعواطف على
245 1 0 _aاصنع من الخشب /
_cعواطف على
300 _a24 ص
490 _a100 قصة
_v0
650 0 4 _aالاخشاب
650 0 4 _aنحت الخشب
942 _2ddc
_cBK
999 _c44956
_d44956